000 00586nam a2200181Ia 4500
003 GCL
008 140319s9999 xx 000 0 ara d
040 _aGCL /
_cGCL
082 0 4 _a780.92
_bع ع
100 1 _aعادل حسنين
245 1 0 _aعبدالحليم حافظ: ايامنا الحلوة /
_cعادل حسنين
490 _aالهيئة العامة للاستعلامات
_v0
650 0 4 _aالموسيقى
650 0 4 _aالاغانى المصرية
650 0 4 _aالمطربون والمطربات
650 0 4 _aالموسيقيون - تراجم
942 _2ddc
_cBK
999 _c49012
_d49012